000 00467nam a2200181Ia 4500
001 8332
003 GE_BSU
008 181216s||||||||xx |||||||||||||| ||und||
040 _cGE_BSU
245 _aОртодонтия №3 (63) 2013
245 _cГл. ред. Л.В.Польма
260 _aМосква
260 _c2013
300 _a64стр. 30см.
653 _aОртодонтия №3 (63) 2013
653 _aპერიოდიკა
942 _cCR
999 _c41659
_d41659